| 000 | 00832nam a2200217 a 4500 | ||
|---|---|---|---|
| 001 | BRCA_8496 | ||
| 005 | 20190320210316.0 | ||
| 008 | 040516s2016----mx-ab#####---#000-0#spa-# | ||
| 020 | _a9786079390044 | ||
| 041 | _aspa | ||
| 044 | _amx | ||
| 050 | 4 |
_aHE859 _b.T67 2016 |
|
| 245 | 1 | 0 |
_aTornaviaje _bla Nao de China y el barroco en México, 1565-1815 _ctextos Marina Alfonso Mola ... [et al.]. |
| 260 |
_aMéxico _bGobierno del Estado de Puebla : Consejo Estatal para la Cultura y las Artes de Puebla _c2016 |
||
| 300 |
_a347 p. _bil. a color, mapas _c31 cm. |
||
| 500 | _aEn portada : Exposición temporal Museo Internacional del Barroco (Puebla, México). Museo Franz Mayer (Ciudad de México), 2016 | ||
| 650 | 1 | 4 |
_aGaleón de Manila _91637 |
| 650 | 1 | 4 |
_aGaleones _921294 |
| 700 | 1 |
_aAlfonso Mola, Marina _921295 |
|
| 942 |
_2lcc _cB |
||
| 999 |
_c8163 _d8163 |
||